Thinnest Shaped Countries - Statistics

General Stats
  • This quiz has been taken 2,677 times
    2,610 since last reset
  • The average score is 9 of 20
Answer Stats
length ÷ width country % Correct
12.59 Chile
96%
4.87 Japan
71%
4.09 Norway
71%
3.82 Sweden
65%
4.07 Togo
63%
4.52 New Zealand
57%
3.20 Panama
56%
3.92 Israel
52%
4.28 Malawi
51%
5.79 Cuba
47%
6.79 Gambia
45%
3.54 Nepal
42%
3.01 Monaco
40%
2.77 Madagascar
37%
3.08 Mexico
33%
2.72 Taiwan
30%
2.90 Jamaica
26%
2.78 Liechtenstein
23%
3.52 Timor-Leste
19%
2.72 Cyprus
16%
No matching quizzes found
Score Distribution
Percent of People with Each Score
Percentile by Number Answered
Your Score History
You have not taken this quiz since the last reset